[Event "European Team Chess Championships 2023"]
[Site "Budva, Montenegro"]
[Date "2023.11.15"]
[Round "5"]
[White "Tsolakidou, Stavroula"]
[Black "Buksa, Nataliya"]
[Result "1-0"]
[WhiteElo "2389"]
[BlackElo "2377"]
[EventDate "2023.??.??"]
[Annotator "rafael"]
[PlyCount "71"]
[Beauty "7976831954512"]
[EventType "team-tourn"]
[EventCountry "YUG"]
[TimeControl "40/5400+30:1800+30"]

{[%evp 0,71,17,10,47,41,44,15,15,15,31,31,30,30,22,28,28,28,28,20,52,35,26,24,46,24,18,20,55,46,57,22,47,40,26,26,54,57,57,48,54,28,51,51,64,-9,-22,-30,0,0,148,188,161,189,218,220,210,217,227,227,227,229,228,228,367,382,374,376,386,374,472,480,29995,29996]} 
1.e4 c5 2.Nf3 Nc6 3.d4 cxd4 4.Nxd4 Nf6 5.Nc3 e5 6.Ndb5 d6 7.Nd5 {A move that became popular after being used by Caruana in the match against Carlsen, in 2018. It leads to an unbalanced pawn structure and dynamic positions.} 7...Nxd5 8.exd5 Ne7 {Currently 8...Nb8 is more popular, but the move played in the game has been chosen several times by Carlsen.} ( 8...Nb8 ) 9.c4 Ng6 10.Qa4 Bd7 11.Qb4 {This is all well-established theory. Now, Black has a choice.} 11...Bf5 ( 11...Qb8 {is played more often. The game can continue:} 12.h4 h5 13.Be3 a6 14.Nc3 Be7 15.Na4 $1 {[%c_effect a4;square;a4;type;GreatFind;persistent;true] with better chances for White, if you know what to do later.} ( 15.g3 {is not accurate:} 15...O-O 16.Be2 b5 {Black had good counterplay in Karjakin-Carlsen, Norway Chess Stavanger 2021.} ) ) 12.Qa4 Bd7 13.Qb4 Bf5 14.h4 $1 {[%c_effect h4;square;h4;type;GreatFind;persistent;true] Of course, White is not interested in a draw so early, especially in a team tournament.} 14...h5 {Black avoids h4-h5.} 15.Bg5 Qb8 16.Be2 ( 16.Qa4 $5 {[%c_effect a4;square;a4;type;Interesting;persistent;true] was tried by Caruana. When preparing openings, a good rule of thumb is: \"If Caruana played it, I should play it too.\"} 16...Bd7 17.Qc2 Bxb5 18.cxb5 Be7 19.Bd3 {with some initiative for White in Caruana-Carlsen, Grenke Chess Classic 2019.} ) 16...a6 17.Nc3 Qc7 18.g3 Be7 19.Be3 e4 $1 {[%c_effect e4;square;e4;type;GreatFind;persistent;true] Freeing the e5-square for the knight. I think White should try to improve at this point.} 20.O-O ( 20.Qb6 {gives nothing:} 20...Qd7 21.c5 dxc5 22.Bxc5 O-O {with a good position for Black.} ) ( 20.Qa4+ {is critical and better than the move played in the game.} 20...Bd7 ( 20...Kf8 {is possible as well, but not desirable.} ) 21.Qd1 O-O 22.Nxe4 Rfe8 {Black has compensation, but White can study this: Pranesh-Lagunow, World-chT Rapid Dusseldorf 2023.} ) 20...O-O ( 20...Ne5 {is natural, but White can fight for the advantage with the typical} 21.Qa4+ $1 {[%c_effect a4;square;a4;type;GreatFind;persistent;true]} 21...Bd7 22.Qd1 ) 21.Bxh5 Ne5 {All of this has already been played before in a very important elite game, but I have the feeling (judging by the time spent) that the players didn't remember this game well.} 22.Bd4 {A new move.} ( 22.Be2 Qd7 {Black has excellent compensation and won a great game in Karjakin-Carlsen, Gashimov Memorial Shamkir 2019.} ) 22...Nd3 $5 {[%c_effect d3;square;d3;type;Interesting;persistent;true] Black has so many interesting options that it's hard to choose just one. The move played is certainly very interesting.} ( 22...Nxc4 $2 {[%c_effect c4;square;c4;type;Mistake;persistent;true] Taking the c4-pawn is bad, in both versions.} 23.Rac1 {with an unpleasant pin.} ) ( 22...Qxc4 $6 {[%c_effect c4;square;c4;type;Inaccuracy;persistent;true]} 23.Qxc4 Nxc4 24.Rfe1 {with the better endgame for White.} ) ( 22...Nf3+ $2 {[%c_effect f3;square;f3;type;Mistake;persistent;true] This is premature, although we will see this idea in a better version later on.} 23.Bxf3 exf3 24.Rfe1 $1 {[%c_effect e1;square;e1;type;GreatFind;persistent;true] Followed by Re3. Black does not have time to bring the queen to h3.} ) ( 22...Rac8 {is natural, reinforcing the pressure on c4.} 23.Bxe5 dxe5 24.Qb3 Qxc4 ( 24...Bc5 {is also possible.} ) 25.Qxb7 Qc5 {with a balanced position.} ) ( 22...Bf6 {is solid and gives good compensation for the pawn after} 23.Be2 Rac8 ) ( 22...Bg6 $1 {[%c_effect g6;square;g6;type;GreatFind;persistent;true] This creative move is my favorite. It's a very subtle choice.} 23.Bxg6 ( 23.Be2 Nf3+ $1 {[%c_effect f3;square;f3;type;GreatFind;persistent;true]} 24.Bxf3 exf3 {This is a much better version for Black, since the queen is coming quickly to the kingside after ...Qd7.} ) 23...Nf3+ $1 {[%c_effect f3;square;f3;type;GreatFind;persistent;true]} 24.Kg2 fxg6 25.Be3 Qd7 {with excellent attacking chances on the light squares.} ) 23.Qb3 Bxh4 $5 {[%c_effect h4;square;h4;type;Interesting;persistent;true] A good piece sacrifice.} ( 23...Rac8 {is possible. Now, White must find the precise} 24.Nd1 $1 {[%c_effect d1;square;d1;type;GreatFind;persistent;true]} 24...Bh3 ( 24...Qxc4 $2 {[%c_effect c4;square;c4;type;Mistake;persistent;true] loses material after} 25.Qxc4 Rxc4 26.Ne3 Rxd4 27.Nxf5 ) 25.Ne3 Bxf1 26.Rxf1 {with good compensation for the exchange.} ) 24.gxh4 {The position becomes extremely complicated. White is not forced to accept the gift on h4.} ( 24.Be2 {is natural, with complicated play after} 24...Qe7 ) ( 24.Nxe4 $5 {[%c_effect e4;square;e4;type;Interesting;persistent;true] An interesting hidden resource.} 24...Bxe4 25.Be2 {White regains the piece.} 25...Nf4 ( 25...Nc5 {is also good enough for equality after} 26.Bxc5 dxc5 27.gxh4 Qe7 28.Qg3 Bxd5 $1 {[%c_effect d5;square;d5;type;GreatFind;persistent;true]} 29.cxd5 Qxe2 ) 26.gxf4 Qd7 {with chances for both sides.} ) ( 24.f3 $5 {[%c_effect f3;square;f3;type;Interesting;persistent;true] This likely poses the most difficult problems for Black.} 24...e3 $1 {[%c_effect e3;square;e3;type;GreatFind;persistent;true] The best option.} ( 24...Bxg3 $2 {[%c_effect g3;square;g3;type;Mistake;persistent;true]} 25.fxe4 {is much better for White.} ) 25.gxh4 Qe7 $1 {[%c_effect e7;square;e7;type;GreatFind;persistent;true] The game peters out to a draw by perpetual check after} 26.Ne4 Bxe4 27.fxe4 Qxh4 28.Qxd3 Qg3+ 29.Kh1 Qh3+ ) 24...Qe7 {This is the point of the sacrifice. The pawn on h4 will be captured, and the queen, knight, and bishop create dangerous threats against White's king.} 25.Ne2 $1 {[%c_effect e2;square;e2;type;GreatFind;persistent;true] The knight must come to the king's rescue.} 25...Qxh4 26.Ng3 {We arrive at the critical moment of the game.} 26...Nf4 $2 {[%c_effect f4;square;f4;type;Mistake;persistent;true] This move meets a beautiful refutation. Black has several alternatives.} ( 26...Qh3 $5 {[%c_effect h3;square;h3;type;Interesting;persistent;true]} 27.Rfe1 ( 27.Nxf5 Qxh5 28.Ng3 Qh3 29.Nxe4 f5 $1 {[%c_effect f5;square;f5;type;GreatFind;persistent;true] with good attacking chances in this chaotic position.} ) 27...Nf4 28.Bf3 $1 {[%c_effect f3;square;f3;type;GreatFind;persistent;true] The only way to defend mate.} 28...exf3 29.Qxf3 g5 {with equal play.} ) ( 26...Rae8 {Black can simply bring the rook to the game. White must do the same, and the position requires a lot of analysis to be understood. The computer thinks it's equal.} 27.Rfe1 $1 {[%c_effect e1;square;e1;type;GreatFind;persistent;true]} ) ( 26...Bd7 {This looks less precise than the other bishop move, although it's also possible.} ) ( 26...Bh7 $1 {[%c_effect h7;square;h7;type;GreatFind;persistent;true] This strikes me as the most human choice. The bishop is not attacked anymore, and the path is cleared for a pawn push with ...f5.} 27.Rfe1 ( 27.Be2 Rae8 $1 {[%c_effect e8;square;e8;type;GreatFind;persistent;true] with the initiative.} ( 27...Nf4 {is not so good after} 28.Be3 ) ) 27...Nf4 28.Be2 Nh3+ 29.Kg2 Nf4+ {with perpetual check.} ) 27.Nxf5 $1 {[%c_effect f5;square;f5;type;GreatFind;persistent;true]} 27...Qxh5 28.Qg3 $3 {[%c_effect g3;square;g3;type;Brilliant;persistent;true][%c_arrow b3g3;keyPressed;none;from;b3;opacity;0.8;to;g3;persistent;false] This brilliant move certainly was missed by Buksa. White is winning.} 28...Ne2+ 29.Kg2 Nxg3 30.Ne7+ Kh7 31.fxg3 {The idea becomes clear: Black cannot prevent 32.Rh1.} 31...Kh6 ( 31...Qe2+ {doesn't help:} 32.Rf2 ) 32.Rh1 Qxh1+ 33.Rxh1+ Kg5 34.Bxg7 {White is ahead in material, and the attack continues.} 34...Rfe8 35.Rf1 $1 {[%c_effect f1;square;f1;type;GreatFind;persistent;true] A nice final touch.} 35...e3 ( 35...Rxe7 36.Bf6+ ) 36.Bf6+ ( 36.Bf6+ Kh5 37.Rh1+ Kg4 38.Rh4# ) 1-0

[Event "Collegiate Chess League: Fall 2023"]
[Site "Chess.com"]
[Date "2023.11.11"]
[Round "1"]
[White "Yaskolko, Maxim"]
[Black "Dudin, Gleb"]
[Result "0-1"]
[WhiteElo "2509"]
[BlackElo "2663"]
[EventDate "2023.??.??"]
[Annotator "rafael"]
[PlyCount "64"]
[Beauty "8250632175650"]
[EventType "team-tourn"]
[TimeControl "300+2"]

{[%evp 0,64,24,24,66,47,62,47,39,26,26,26,42,30,30,30,30,30,31,22,44,12,61,68,49,44,49,49,49,45,49,29,12,17,55,52,52,11,-2,-26,-7,-26,3,-25,-18,-42,-13,-18,-43,-43,-44,-45,-38,-103,-93,-473,-193,-517,-364,-583,-632,-585,-591,-629,-561,-825,-828]} 
1.e4 c5 2.Nf3 d6 3.d4 cxd4 4.Nxd4 Nf6 5.Nc3 a6 6.Be3 e5 7.Nb3 Be7 8.f3 Be6 9.Qd2 h5 10.Nd5 Bxd5 ( 10...Nxd5 {is considered better by opening theory.} 11.exd5 Bf5 ) 11.exd5 Nbd7 12.Na5 $6 {[%c_effect a5;square;a5;type;Inaccuracy;persistent;true] This is a typical move in the Sicilian, as the knight can hardly be expelled with the move b6, thanks to the c6-square. But here Black has good counterplay.} ( 12.O-O-O {is the best attempt for an opening advantage.} ) 12...Qc7 13.c4 e4 $1 {[%c_effect e4;square;e4;type;GreatFind;persistent;true] This is it. Black must play fast and bring the knight to e5.} 14.Be2 Ne5 15.f4 {A difficult decision. I wouldn't hurry with this move. I prefer} ( 15.O-O {although Black is fine after} 15...O-O {with the idea of Rfe8 and Bf8.} ) 15...Neg4 16.Bd4 O-O 17.O-O Rfe8 18.h3 $6 {[%c_effect h3;square;h3;type;Inaccuracy;persistent;true] This move is a mistake because Black naturally wants to play Nh6-f5. It's better to reinforce the knight's position on a5, taking that burden off the queen on d2.} ( 18.b4 $1 {[%c_effect b4;square;b4;type;GreatFind;persistent;true]} ) 18...Nh6 ( {Better than} 18...e3 19.Qb4 ) 19.b4 ( 19.f5 {White has no time to take the square from the knight, since Black can play} 19...e3 $1 {[%c_effect e3;square;e3;type;GreatFind;persistent;true]} 20.Bxe3 Ne4 {and White's position is on the verge of collapse.} ) 19...Nf5 20.Bb2 Bd8 $1 {[%c_effect d8;square;d8;type;GreatFind;persistent;true] A good maneuver. The bishop prepares to go to the g1-a7 diagonal.} 21.Kh2 h4 $1 {[%c_effect h4;square;h4;type;GreatFind;persistent;true] Avoiding g2-g4 forever.} 22.Rac1 Qd7 $2 {[%c_effect d7;square;d7;type;Mistake;persistent;true] A tactical mistake, something that is almost inevitable in a blitz game.} ( 22...Qe7 {is better, preparing ...Bb6, with a clear advantage.} ) 23.Nb3 $2 {[%c_effect b3;square;b3;type;Mistake;persistent;true] White misses the chance and the position deteriorates quickly.} ( 23.Bxf6 $1 {[%c_effect f6;square;f6;type;GreatFind;persistent;true]} 23...Bxf6 24.Bg4 $1 {[%c_effect g4;square;g4;type;GreatFind;persistent;true] This is the point. The knight is pinned and White is back in the game.} ) 23...Ng3 24.Rfe1 Qf5 $1 {[%c_effect f5;square;f5;type;GreatFind;persistent;true]} 25.Qe3 Qg6 $1 {[%c_effect g6;square;g6;type;GreatFind;persistent;true] The knight is coming to f5. Black's play is easy and good.} 26.Nd4 Bb6 27.Bd1 a5 ( 27...Nf5 {wins immediately, just like in the game.} ) 28.a3 axb4 29.axb4 Nf5 $1 {[%c_effect f5;square;f5;type;GreatFind;persistent;true]} 30.Qg1 Bxd4 31.Bxd4 Nxd4 32.Qxd4 Qg3+ {The e1-rook is lost.} 0-1

[Event "Grand Chess Sinquefield Cup 2023"]
[Site "Chess.com"]
[Date "2023.11.24"]
[Round "4"]
[White "So, Wesley"]
[Black "Rapport, Richard"]
[Result "1-0"]
[WhiteElo "2752"]
[BlackElo "2748"]
[EventDate "2023.??.??"]
[Annotator "rafael"]
[PlyCount "73"]
[Beauty "7904887308328"]
[EventType "swiss"]
[EventRounds "9"]
[EventCountry "FRA"]
[TimeControl "40/5400+30:1800+30"]

{[%evp 0,73,25,-25,-8,-16,32,15,34,33,33,20,25,14,23,33,27,20,13,4,45,26,50,45,41,46,46,63,46,57,45,-2,0,13,20,30,65,54,103,64,69,58,134,141,133,155,128,175,189,190,198,206,132,202,188,182,184,199,198,204,252,255,287,297,304,242,270,266,270,266,270,274,290,290,294,280]} 
1.c4 Nf6 2.Nc3 g6 3.e4 d6 4.d4 Bg7 5.f3 {The Saemisch System is one of the most reliable and principled options against the King's Indian. White solidifies his center and relies on the space advantage to achieve an opportunity.} 5...O-O 6.Nge2 {This move is a good alternative to the more popular bishop moves to e3 or g5.} 6...Nc6 {Black has many possible plans. This one, Nc6 followed by a6, Bd7, Rb8, and b5, was one of Kasparov's favorites and is used in several King's Indian lines.} 7.Be3 a6 8.Qd2 Bd7 ( 8...Rb8 {Many start with Rb8 right away.} ) 9.Rb1 {White also has many possible plans: this opening is rich in strategic ideas. 9.g4, 9.h4, and 9.Nc1 are the most obvious paths. White's idea is to play b2-b4 and maybe also g2-g4 with a commanding pawn army.} ( 9.g4 ) ( 9.h4 ) ( 9.Nc1 ) 9...h5 $5 {[%c_effect h5;square;h5;type;Interesting;persistent;true] A recent idea. The h5-move, avoiding g4, is one of the discoveries of modern strategy, as it has been validated by engines in the most varied defenses from the King's Indian to the Sicilian Najdorf. I also briefly mention other options.} ( 9...b5 $6 {[%c_effect b5;square;b5;type;Inaccuracy;persistent;true] is too optimistic.} 10.cxb5 axb5 11.Nxb5 {Now} 11...Rxa2 $2 {[%c_effect a2;square;a2;type;Mistake;persistent;true] fails to} 12.Na3 {and the rook is trapped.} ) ( 9...Rb8 10.b4 Re8 {is also recommended by the engines. They clearly have incorporated Nimzowitsch's idea of \"Mysterious Rook Moves.\"} ) ( 9...e5 10.d5 Ne7 {is a King's Indian classic.} ) 10.b4 Nh7 {A new move. It looks strange, but it's not bad. Black is getting ready to play e5 and later f5, while waiting for White to show his cards.} ( 10...e6 11.g3 {was played in Novikov-Shabalov, USA-ch Seniors Saint Louis 2022.} ) 11.d5 {White decides to advance the center to free the d4-square for the knight.} ( 11.g3 {is another way of developing, but Black has interesting counterplay.} 11...e5 ( 11...h4 {is also interesting.} ) 12.d5 Ne7 ) 11...Ne5 12.Nd4 Rc8 {It's also possible to advance the c-pawn immediately.} ( 12...c5 $2 {[%c_effect c5;square;c5;type;Mistake;persistent;true] This is a positional mistake:} 13.bxc5 $1 {[%c_effect c5;square;c5;type;GreatFind;persistent;true]} 13...dxc5 14.Nb3 b6 15.Be2 {with a big advantage for White with the powerful center.} ) ( 12...c6 {is possible with a double-edged position after} 13.dxc6 bxc6 ) 13.Be2 c5 14.dxc6 ( 14.bxc5 {Now Black can take with the rook with good counterplay.} 14...Rxc5 $1 {[%c_effect c5;square;c5;type;GreatFind;persistent;true]} ) 14...Bxc6 ( 14...Nxc6 $6 {[%c_effect c6;square;c6;type;Inaccuracy;persistent;true]} 15.Nxc6 {leads to a comfortable advantage for White. Black should not exchange his active knight.} ) ( 14...bxc6 {is possible with balanced play. The idea is} 15.c5 a5 $1 {[%c_effect a5;square;a5;type;GreatFind;persistent;true] with counterplay.} ) 15.Rc1 {A difficult move. So wants to protect the c4-pawn.} ( 15.Nxc6 {is possible, but after} 15...Rxc6 16.c5 {Black has many interesting possibilities. The game is equal.} ) 15...Bd7 16.Nd1 b5 {A pawn sacrifice that totally fits the King's Indian spirit.} 17.Nb2 {Solid play.} ( {After} 17.cxb5 {Black has good compensation for the pawn:} 17...Rxc1 18.Qxc1 axb5 19.Nxb5 Qb8 20.a4 Rc8 ) 17...Nxc4 $6 {[%c_effect c4;square;c4;type;Inaccuracy;persistent;true] After this inaccurate move, White achieves a better position.} ( 17...Qc7 $1 {[%c_effect c7;square;c7;type;GreatFind;persistent;true] is better with equality after} 18.O-O Qb8 {It's important to keep the pawn on b5, since it takes away some of the potential of the white pieces.} ) 18.Nxc4 e5 ( 18...bxc4 19.Bxc4 {is also better for White, since the queenside is weak.} ) 19.Nb3 ( 19.Nxb5 $1 {[%c_effect b5;square;b5;type;GreatFind;persistent;true] is enough for a clear advantage.} 19...axb5 ( 19...Bxb5 20.O-O ) 20.Nb6 $5 {[%c_effect b6;square;b6;type;Interesting;persistent;true] Maybe not the best objectively but calmer than} ( 20.Nxd6 Rxc1+ 21.Qxc1 Bh3 $1 {[%c_effect h3;square;h3;type;GreatFind;persistent;true]} 22.Nxf7 Rxf7 23.gxh3 Qh4+ 24.Bf2 Qxh3 {which leads to some chaotic play, although White is better.} ) 20...Rxc1+ 21.Qxc1 {White has a clear positional advantage.} ) 19...bxc4 20.Bxc4 Rxc4 $2 {[%c_effect c4;square;c4;type;Mistake;persistent;true] Rapport gets carried away by the previously mentioned \"King's Indian spirit.\" He sacrifices the exchange to avoid castling, but it turns out that the compensation is not enough.} ( 20...Bb5 {is better with a slight advantage for White after} 21.Bxb5 Rxc1+ 22.Nxc1 axb5 ) 21.Rxc4 Bb5 22.Rc1 d5 {More sacrifices are necessary in an attempt to justify the previous play.} ( 22...f5 {doesn't work:} 23.a4 $1 {[%c_effect a4;square;a4;type;GreatFind;persistent;true]} 23...Bxa4 24.Qa2 {with a winning advantage.} ) 23.Qxd5 ( 23.exd5 {Here probably Rapport's idea is to continue sacrificing pawns with} 23...e4 {Despite the machine's pessimistic assessment, it's clear the Black has practical chances.} ) 23...Qh4+ 24.g3 Qf6 ( 24...Qh3 {is probably more stubborn. The idea is} 25.Kf2 ( 25.Rc2 {is the computer's favorite.} ) 25...g5 {with the idea of playing g4 and creating something recalling an attack. It shouldn't work, to be honest.} ) 25.Kf2 Rd8 26.Qb7 Rd3 27.Qb6 $1 {[%c_effect b6;square;b6;type;GreatFind;persistent;true] Now it's over. Everything is defended, and the rook is ready to go to d1. White has a decisive material advantage.} 27...Qxb6 ( 27...Qe7 28.Rhd1 {wins easily.} ) 28.Bxb6 Ng5 29.h4 Rxf3+ ( 29...Nxf3 30.Rhd1 ) 30.Kg2 Rxb3 31.axb3 Nxe4 32.Rhe1 Nd2 33.Rc8+ Kh7 34.Rc7 Kg8 35.Rc8+ Kh7 36.Rc7 Kg8 37.Re3 1-0